| 000 | 00896nam a2200253 i 4500 | ||
|---|---|---|---|
| 999 |
_c102636 _d102636 |
||
| 001 | C2-0298329 | ||
| 003 | PPAK | ||
| 005 | 20190625160247.0 | ||
| 008 | 090601s1990 my |||| ||||| | may d | ||
| 022 | _a0127-2926 | ||
| 040 |
_aPPAK _beng _cPPAK _erda |
||
| 082 | 0 | 4 |
_a630.9595 _223 |
| 090 | 0 | 0 |
_a630.9595 _bMAL _dKK |
| 110 | 2 | _aMalaysia. Kementerian Pertanian | |
| 245 | 0 | 0 |
_aPerdagangan import dan eksport makanan dan hasil pertanian = Import and export trade in food and agricultural products : _bMalaysia 1990 |
| 264 | 1 |
_aKuala Lumpur : _bKementerian Pertanian Malaysia , _c1990 |
|
| 300 |
_axxxix, 264 pages ; _c20 cm |
||
| 336 |
_2rdacontent _atext |
||
| 337 |
_2rdamedia _aunmediated |
||
| 338 |
_2rdacarrier _avolume |
||
| 650 | 1 | 0 | _aAgriculture and state - Malaysia. ; Agriculture - Research - Malaysia. |
| 710 | 2 |
_aMalaysia. Kementerian Pertanian _eorganizer |
|
| 942 |
_cB _2ddc |
||